|
|
|
|
| LEADER |
00000cam a22000002c 4500 |
| 001 |
1866919520 |
| 003 |
DE-627 |
| 005 |
20250207054846.0 |
| 007 |
cr uuu---uuuuu |
| 008 |
231021nuuuuuuuuxx |||||o 00| ||eng c |
| 035 |
|
|
|a (DE-627)1866919520
|
| 035 |
|
|
|a (DE-599)KXP1866919520
|
| 040 |
|
|
|a DE-627
|b ger
|c DE-627
|e rda
|
| 041 |
|
|
|a eng
|
| 084 |
|
|
|a 2,1
|2 ssgn
|
| 100 |
1 |
|
|a Jena, Renuka
|e VerfasserIn
|4 aut
|
| 245 |
1 |
0 |
|a DRUG USE IN A RURAL COMMUNITY IN BIHAR : SOME PSYCHOSOCIAL CORRELATES
|
| 336 |
|
|
|a Text
|b txt
|2 rdacontent
|
| 337 |
|
|
|a Computermedien
|b c
|2 rdamedia
|
| 338 |
|
|
|a Online-Ressource
|b cr
|2 rdacarrier
|
| 520 |
|
|
|a Drug use has been an integral part of any culture. The use depends on many factors including the availability. In the present study the drug use in a rural community of Chotanagpur Plateau in the Ranchi district of Bihar is focussed. The sample consisted of 157 inhabitants above the age of 15 yrs of the village Boreya in Kanke block. A sample of drug users was compared with nondrug users of the same community on the measures of stressful life events and locus of control. The results indicate that besides tobacco alcohol in the form of locally brewed ‘handia’ (rice beer) and ‘mahua’ (made from mahua flowers) was used by 334 (28.87%) individuals. Cannabis was frequently used (25.15%) Harder drugs were not used at all. There was an increase in stressful life events in the year prior to the use of drugs. The increase in life events was especially seen in the elderly age group (35-50yrs). There was no difference in the locus of control scores between the users and the nonusers. The results indicate the role of significant life events in the current use of drugs
|
| 700 |
1 |
|
|a Shukla, TR
|e VerfasserIn
|4 aut
|
| 700 |
1 |
|
|a Pal, Hemraj
|e VerfasserIn
|4 aut
|
| 856 |
4 |
0 |
|u https://core.ac.uk/download/pdf/8474840.pdf
|x Verlag
|z kostenfrei
|3 Volltext
|7 0
|
| 935 |
|
|
|a mkri
|
| 951 |
|
|
|a BO
|
| ELC |
|
|
|a 1
|
| LOK |
|
|
|0 000 xxxxxcx a22 zn 4500
|
| LOK |
|
|
|0 001 4394729580
|
| LOK |
|
|
|0 003 DE-627
|
| LOK |
|
|
|0 004 1866919520
|
| LOK |
|
|
|0 005 20231021043631
|
| LOK |
|
|
|0 008 231021||||||||||||||||ger|||||||
|
| LOK |
|
|
|0 035
|a (DE-2619)CORE3853780
|
| LOK |
|
|
|0 040
|a DE-2619
|c DE-627
|d DE-2619
|
| LOK |
|
|
|0 092
|o n
|
| LOK |
|
|
|0 852
|a DE-2619
|
| LOK |
|
|
|0 852 1
|9 00
|
| LOK |
|
|
|0 935
|a core
|
| LOK |
|
|
|0 939
|a 21-10-23
|b l01
|
| OAS |
|
|
|a 1
|
| ORI |
|
|
|a SA-MARC-krimdoka001.raw
|